Films de Crossed en images - Statistiques

Statistiques générales
  • Ce quiz a été pris 31 fois
  • Le résultat moyen est 16 sur 28
Statistiques - réponses
Par images Réponse % Correct
Street Fighter
96%
Hitman
87%
Mortal Kombat : Destruction Finale
87%
Super Mario Bros.
83%
Tron
78%
Final Fantasy : Les Créatures de l
74%
Max Payne
74%
Scott Pilgrim vs the World
74%
Silent Hill
74%
Doom
70%
eXistenZ
65%
Gamer
65%
King of Kong
65%
Postal
65%
Resident Evil
61%
Alone in the dark
57%
Dead or Alive
57%
Double Dragon
57%
House of the Dead
43%
WarGames
43%
Le Cobaye
35%
Ultimate Game
35%
Future Cops
30%
Starfighter
30%
Stay Alive
30%
Voltage
30%
Brainscan
26%
The Wizard
26%
Aucun quiz correspondant
Distribution des résultats
% des personnes avec chaque résultat
Percentile par nombre de réponses
Votre historique - résultats
Vous n’avez pas pris ce quiz